Mikropočítačový lexikon /

Uložené v:
Podrobná bibliografia
Hlavný autor: Šatánek, Aleš (Author)
Médium: Kniha
Jazyk:Czech
Vydané: Praha : Státní pedagogické nakladatelství, 1989
Vydanie:2. uprav. vyd.
Edícia:Knižnice všeobecného vzdělání Horizont
Témy:
ISBN: (brož.)
Fyzický popis: 159 s.
Tagy: Pridať tag
Žiadne tagy, Buďte prvý kto otaguje tento záznam!

MARC

LEADER 00000nam a2200000 a 4500
001 000024813
003 SVKK
005 20061115141119.0
008 010521s1989 xr e czeo
020 |a (brož.) 
040 |a SVKKK  |b slo  |c SVKKK  |e AACR2 
041 0 |a cze 
044 |a xr  |c CZ 
072 7 |a 004.3  |x Technické vybavenie. Technické prostriedky  |2 konspekt 
080 |a 004.382.7  |2 1997 
080 |a (038)  |2 1997 
100 1 |a Šatánek, Aleš  |4 aut 
245 1 0 |a Mikropočítačový lexikon /  |c Aleš Šatánek 
250 |a 2. uprav. vyd. 
260 |a Praha :  |b Státní pedagogické nakladatelství,  |c 1989 
300 |a 159 s. 
440 0 |a Knižnice všeobecného vzdělání Horizont 
650 0 7 |a mikropočítače  |2 SVKKKPH 
655 7 |a slovníky  |2 SVKKKPH 
974 |a MI  |d 20010403 
974 |a KL  |d 20010330 
974 |a MI  |d 20010403 
998 |a BK 
090 |g SCKHL  |k Sklad Pribinova 2. posch.  |a II.330012  |j 796288  |i B67968  |s Absenčne 
090 |g SCKHL  |k Sklad Pribinova 2. posch.  |a II.330013  |j 796289  |i B67969  |s Absenčne 
090 |g SCKHL  |k Sklad Pribinova 2. posch.  |a II.330014  |j 796290  |i B67970  |s Absenčne 
090 |g SCKHL  |k Sklad Pribinova 2. posch.  |a II.330015  |j 796291  |i B67971  |s Absenčne 
090 |g SCKHL  |k Sklad Pribinova 2. posch.  |a II.330016  |j 796292  |i B67972  |s Absenčne 
090 |g SCKHL  |k Sklad Pribinova 2. posch.  |a II.331593  |j 800939  |i B84509  |s Absenčne 
090 |g SCKHL  |k Sklad Pribinova 2. posch.  |a III.188622  |j 938725  |i 2720141581  |s Absenčne